[Event "Roger Roy mem."]
[Site "Gatineau CAN"]
[Date "2019.09.17"]
[Round "2"]
[White "Danilov, Alex"]
[Black "Azar, Sebastien"]
[Result "0-1"]
[WhiteElo "1624"]
[BlackElo "1906"]
[PlyCount "108"]
[EventDate "2019.09.10"]
[EventType "swiss"]
[EventRounds "5"]
[EventCountry "CAN"]

1. c4 c5 2. g3 g6 3. Bg2 Bg7 4. Nc3 Nc6 5. Nf3 Nf6 6. O-O d6 7. d3 O-O 8. e3 e5
9. a3 Be6 10. h3 a6 11. Qc2 Qc8 12. Kh2 Nd7 13. Ng5 h6 14. Nge4 Qc7 15. Nd5
Bxd5 16. cxd5 Ne7 17. Nc3 b5 18. b4 cxb4 19. axb4 e4 20. d4 Rac8 21. Bd2 Nxd5
22. Rfc1 Nxc3 23. Bxc3 d5 24. Rxa6 Qb7 25. Qa2 Ra8 26. Ra1 Nb6 27. Ra7 Qc6 28.
Rc1 Rxa7 29. Qxa7 Ra8 30. Qe7 Bf8 31. Qh4 g5 32. Qh5 Ra2 33. Bd2 Qf6 34. Be1
Nc4 35. h4 Rb2 36. hxg5 hxg5 37. Ra1 Qh6 38. Qxh6 Bxh6 39. Kh3 Kg7 40. Ra6 Re2
41. Ra1 Rc2 42. Bf1 Kg6 43. g4 Bf8 44. Ra6+ f6 45. f4 Nxe3 46. fxg5 Nxf1 47.
Rxf6+ Kg7 48. Rxf1 Bd6 49. Bg3 Rc3 50. Rg1 Kg6 51. Kh4 Bxg3+ 52. Rxg3 Rxg3 53.
Kxg3 Kxg5 54. Kh3 Kf4 0-1

[Event "Roger Roy mem."]
[Site "Gatineau CAN"]
[Date "2019.09.17"]
[Round "2"]
[White "Desjardins, Michel"]
[Black "Lemieux, Richard"]
[Result "1-0"]
[WhiteElo "1903"]
[BlackElo "1622"]
[PlyCount "34"]
[EventDate "2019.09.10"]
[EventType "swiss"]
[EventRounds "5"]
[EventCountry "CAN"]

1. e4 e5 2. Nc3 Nf6 3. Bc4 Bc5 4. d3 h6 5. f4 d6 6. Nf3 Nc6 7. Na4 Bb6 8. Nxb6
axb6 9. c3 Qe7 10. a3 exf4 11. Bxf4 d5 12. Bb5 dxe4 13. Bxc6+ bxc6 14. Ne5 exd3
15. O-O Qc5+ 16. Kh1 Bf5 17. Nxd3 O-O-O 1-0

[Event "Roger Roy mem."]
[Site "Gatineau CAN"]
[Date "2019.09.17"]
[Round "2"]
[White "Dupont-Mageau, Nicolas"]
[Black "Raymond, Daniel"]
[Result "0-1"]
[WhiteElo "1620"]
[BlackElo "1843"]
[PlyCount "80"]
[EventDate "2019.09.10"]
[EventType "swiss"]
[EventRounds "5"]
[EventCountry "CAN"]

1. e4 c5 2. Nc3 Nc6 3. f4 d6 4. Nf3 Nf6 5. Bc4 e6 6. d3 Be7 7. O-O a6 8. a4 O-O
9. Qe1 d5 10. Ba2 Nb4 11. e5 Ng4 12. Qg3 Nh6 13. Bb3 Bd7 14. Nd1 Nf5 15. Qh3 c4
16. dxc4 dxc4 17. Bxc4 Nxc2 18. Ra2 Nb4 19. Ra1 Bc6 20. Ng5 Bxg5 21. fxg5 Qd4+
22. Ne3 Nxe3 23. Bxe3 Qxc4 24. Rf4 Qc2 25. Rxb4 Rad8 26. g6 Rd1+ 27. Rxd1 Qxd1+
28. Kf2 fxg6+ 29. Rf4 Rxf4+ 30. Bxf4 Qd4+ 31. Kg3 Bd5 32. Qh4 h6 33. Qd8+ Kh7
34. Bxh6 Qd3+ 35. Kf2 Qf5+ 36. Kg3 gxh6 37. Qd7+ Kg8 38. Qe8+ Kg7 39. Qd7+ Qf7
40. Qd6 g5 0-1

[Event "Roger Roy mem."]
[Site "Gatineau CAN"]
[Date "2019.09.17"]
[Round "2"]
[White "Jobin, Gilles G"]
[Black "Arsenault, Michel"]
[Result "0-1"]
[WhiteElo "1722"]
[BlackElo "1851"]
[PlyCount "48"]
[EventDate "2019.09.10"]
[EventType "swiss"]
[EventRounds "5"]
[EventCountry "CAN"]

1. Nf3 c5 2. g3 Nc6 3. Bg2 g6 4. d3 Bg7 5. e4 e5 6. Nc3 d6 7. O-O Nge7 8. Bd2
O-O 9. Re1 h6 10. Qc1 Kh7 11. a3 Be6 12. Rb1 Qd7 13. Nd1 f5 14. exf5 Nxf5 15.
Ne3 g5 16. Qd1 Rf7 17. Nxf5 Bxf5 18. Bxg5 Bg4 19. Be3 Raf8 20. Nxe5 Nxe5 21.
Be4+ Kh8 22. Qc1 Nf3+ 23. Kh1 Nxe1 24. Bxh6 Rxf2 0-1

[Event "Roger Roy mem."]
[Site "Gatineau CAN"]
[Date "2019.09.17"]
[Round "2"]
[White "Rioux, Jocelyn"]
[Black "Scantland, Patrick"]
[Result "0-1"]
[WhiteElo "1696"]
[BlackElo "1765"]
[PlyCount "42"]
[EventDate "2019.09.10"]
[EventType "swiss"]
[EventRounds "5"]
[EventCountry "CAN"]

1. e4 c5 2. Nf3 d6 3. d4 cxd4 4. Nxd4 Nf6 5. Nc3 a6 6. Be3 e5 7. Nb3 Be6 8. f3
Nbd7 9. g4 Nb6 10. Qd2 d5 11. Bxb6 Qxb6 12. exd5 Rd8 13. Qe2 Nxd5 14. Qxe5 Be7
15. Nxd5 Rxd5 16. Qb8+ Rd8 17. Qg3 Bxb3 18. axb3 Qe3+ 19. Be2 Rd2 20. Qg2 O-O
21. Rd1 Bh4+ 0-1

[Event "Roger Roy mem."]
[Site "Gatineau CAN"]
[Date "2019.09.24"]
[Round "3"]
[White "Arsenault, Michel"]
[Black "Scantland, Patrick"]
[Result "1-0"]
[WhiteElo "1851"]
[BlackElo "1765"]
[PlyCount "48"]
[EventDate "2019.09.10"]
[EventType "swiss"]
[EventRounds "5"]
[EventCountry "CAN"]

1. c4 e5 2. g3 Nf6 3. Bg2 Nc6 4. Nc3 Bb4 5. Nd5 Be7 6. e3 d6 7. Ne2 Bg4 8. f3
Be6 9. f4 Qd7 10. O-O O-O-O 11. b4 h5 12. b5 Na5 13. Qa4 b6 14. d4 h4 15. Bd2
hxg3 16. hxg3 Bh3 17. Nxe7+ Qxe7 18. Bc6 Qe6 19. d5 Qg4 20. Bxa5 Bxf1 21. Rxf1
Qxe2 22. Rf2 Qxe3 23. Bd2 Qxg3+ 24. Rg2 Qh3 1-0

[Event "Roger Roy mem."]
[Site "Gatineau CAN"]
[Date "2019.09.24"]
[Round "3"]
[White "Azar, Sebastien"]
[Black "Desjardins, Michel"]
[Result "0-1"]
[WhiteElo "1906"]
[BlackElo "1903"]
[PlyCount "124"]
[EventDate "2019.09.10"]
[EventType "swiss"]
[EventRounds "5"]
[EventCountry "CAN"]

1. e4 d5 2. exd5 Qxd5 3. d4 e5 4. dxe5 Qxd1+ 5. Kxd1 Nc6 6. Bf4 Nge7 7. Bd3
Bg4+ 8. f3 Be6 9. Nc3 O-O-O 10. Ke1 Ng6 11. Bxg6 hxg6 12. Bg5 Rd7 13. f4 Nd4
14. Rc1 Bf5 15. Nf3 Nxc2+ 16. Kf2 Bc5+ 17. Kg3 Be3 18. Rcd1 Rxd1 19. Rxd1 Nb4
20. a3 Nd3 21. Ng1 Rf8 22. Nd5 Bxg1 23. Rxg1 Nxb2 24. Re1 Be6 25. Nc3 Nc4 26.
Rc1 f6 27. exf6 gxf6 28. Bh6 Rd8 29. f5 Bxf5 30. Nb5 Rd3+ 31. Kf2 Be6 32. Bf4
c6 33. Ke2 Rb3 34. Nd4 Rb2+ 35. Kf1 Bd5 36. Re1 Kd7 37. Ne2 Nd2+ 38. Kf2 g5 39.
Be3 Ne4+ 40. Kg1 b6 41. g4 Rb3 42. Bc1 Rd3 43. Bb2 c5 44. Nc1 Rd2 45. Ba1 c4
46. Ne2 b5 47. Bd4 a6 48. Kf1 Ra2 49. Rd1 Kc6 50. Nc1 Rxa3 51. Ne2 Rf3+ 52. Kg1
Rd3 53. Ra1 Kb7 54. Rf1 Rd2 55. Re1 b4 56. Be3 Ra2 57. Nd4 b3 58. Nf5 b2 59.
Bd4 c3 60. Ne3 Ra1 61. Nd1 b1=Q 62. Bxc3 Nxc3 0-1

[Event "Roger Roy mem."]
[Site "Gatineau CAN"]
[Date "2019.09.24"]
[Round "3"]
[White "Bourbonnais, Luc"]
[Black "Danilov, Alex"]
[Result "1-0"]
[WhiteElo "1428"]
[BlackElo "1624"]
[PlyCount "103"]
[EventDate "2019.09.10"]
[EventType "swiss"]
[EventRounds "5"]
[EventCountry "CAN"]

1. Nf3 Nf6 2. g3 c5 3. Bg2 Nc6 4. d3 d5 5. O-O g6 6. Nbd2 Bg7 7. e4 d4 8. Re1
e5 9. c3 dxc3 10. Nc4 cxb2 11. Bxb2 O-O 12. Nfxe5 Nd4 13. Nf3 Bg4 14. Bxd4 cxd4
15. Qb3 Rb8 16. a4 Nd7 17. h3 Be6 18. Qc2 Rc8 19. Nfd2 f5 20. Rab1 b6 21. Qb2
Nc5 22. Qa3 fxe4 23. Bxe4 Bxh3 24. Qa2 Kh8 25. a5 Be6 26. axb6 axb6 27. Rb5 Qf6
28. f4 Nd7 29. Qb2 Bg8 30. Bb7 Rb8 31. Bf3 Nc5 32. Qb1 h5 33. Ne4 Nxe4 34. Bxe4
h4 35. Ne5 Bh7 36. Ng4 Qd6 37. Rd5 Qc7 38. Ne5 Bxe5 39. Rxe5 hxg3 40. Qc1 Rbc8
41. Qxc7 Rxc7 42. Kg2 Rxf4 43. Kxg3 Rf6 44. Rb5 Rc5 45. Rb4 Rg5+ 46. Kh4 Rh5+
47. Kg4 Rd6 48. Reb1 Ra5 49. Rxb6 Ra6 50. Rb8+ Kg7 51. R1b7+ Kh6 52. Rh8 1-0

[Event "Roger Roy mem."]
[Site "Gatineau CAN"]
[Date "2019.09.24"]
[Round "3"]
[White "Raymond, Daniel"]
[Black "Latreille, Etienne"]
[Result "0-1"]
[WhiteElo "1843"]
[BlackElo "1683"]
[PlyCount "96"]
[EventDate "2019.09.10"]
[EventType "swiss"]
[EventRounds "5"]
[EventCountry "CAN"]

1. e4 c5 2. Nf3 d6 3. d4 Nf6 4. Nc3 cxd4 5. Nxd4 Nc6 6. Be2 a6 7. O-O g6 8. Nb3
Bg7 9. Bg5 O-O 10. f4 Be6 11. Bf3 Nd7 12. Bh4 Rc8 13. f5 gxf5 14. exf5 Bxb3 15.
axb3 Bf6 16. Ra4 Nce5 17. Bxb7 Qb6+ 18. Kh1 Qxb7 19. Nd5 Rfe8 20. Nxf6+ exf6
21. Bg3 Qc6 22. c3 Rb8 23. Rd4 Rb6 24. Rff4 Kf8 25. Rf2 Ke7 26. Rfd2 Qc7 27.
Rd5 Nc5 28. Bxe5 fxe5 29. Qg4 Nd7 30. b4 Nf6 31. Qh4 Rg8 32. R5d3 Rc6 33. Qe1
Rg4 34. Rf3 Re4 35. Qf1 Qb6 36. h3 h5 37. Rd1 Qb5 38. Qg1 Qb6 39. Qf1 h4 40.
Ra1 Nh5 41. f6+ Kd7 42. Qd3 Rf4 43. Qh7 Ng3+ 44. Rxg3 hxg3 45. Qxf7+ Kc8 46.
Qe8+ Kb7 47. f7 Qf2 48. f8=Q Rxf8 0-1

[Event "Roger Roy mem."]
[Site "Gatineau CAN"]
[Date "2019.09.24"]
[Round "3"]
[White "Rioux, Jocelyn"]
[Black "Fang, Zhou"]
[Result "1-0"]
[WhiteElo "1696"]
[BlackElo "1358"]
[PlyCount "111"]
[EventDate "2019.09.10"]
[EventType "swiss"]
[EventRounds "5"]
[EventCountry "CAN"]

1. e4 c5 2. Nf3 Nc6 3. d4 cxd4 4. Nxd4 Nf6 5. Nc3 g6 6. Be3 Bg7 7. f3 O-O 8.
Qd2 a6 9. O-O-O d6 10. Nxc6 bxc6 11. e5 Nd5 12. Nxd5 cxd5 13. Qxd5 Be6 14. Qc6
Bxe5 15. Bh6 Rc8 16. Qa4 Qb6 17. b3 Qc7 18. Bd3 Rfd8 19. Bd2 Bc3 20. Bxc3 Qxc3
21. Kb1 Bd7 22. Qa3 a5 23. Qb2 Qc5 24. Rc1 a4 25. b4 Qa7 26. a3 Be6 27. c3 Qe3
28. Qe2 Qxe2 29. Bxe2 Bb3 30. Bd1 Bxd1 31. Rhxd1 Rc4 32. Rd4 Rdc8 33. Rxc4 Rxc4
34. Kb2 Kf8 35. Rd1 Rh4 36. h3 Rh5 37. Rd4 Re5 38. Re4 Rxe4 39. fxe4 f5 40.
exf5 gxf5 41. c4 e5 42. Kc3 Ke7 43. b5 Kd7 44. Kd3 h5 45. Ke3 Kc7 46. Kf3 Kb6
47. g4 hxg4+ 48. hxg4 fxg4+ 49. Kxg4 Kc5 50. Kf5 d5 51. b6 Kxc4 52. Kxe5 Kb3
53. b7 Kxa3 54. b8=Q Ka2 55. Kd4 a3 56. Kc3 1-0

[Event "Roger Roy mem."]
[Site "Gatineau CAN"]
[Date "2019.10.01"]
[Round "4"]
[White "Bourbonnais, Luc"]
[Black "Azar, Sebastien"]
[Result "0-1"]
[WhiteElo "1428"]
[BlackElo "1906"]
[PlyCount "102"]
[EventDate "2019.09.10"]
[EventType "swiss"]
[EventRounds "5"]
[EventCountry "CAN"]

1. Nf3 d5 2. d3 Nc6 3. g3 g6 4. Bg2 e5 5. Nbd2 Nf6 6. O-O Bh6 7. e4 dxe4 8.
Nxe4 Bxc1 9. Nxf6+ Qxf6 10. Qxc1 Bg4 11. Nd2 Nd4 12. Kh1 h5 13. c3 Ne2 14. Ne4
Qe7 15. Qe3 h4 16. Rfe1 hxg3 17. fxg3 f5 18. Bf3 Bxf3+ 19. Qxf3 fxe4 20. dxe4
Nxc3 21. Qxc3 O-O-O 22. Rad1 Rxd1 23. Rxd1 Qh7 24. Qd2 g5 25. Kg1 b6 26. Qe2
Qe7 27. Rd5 Qb4 28. a3 Qa4 29. Qd3 Qc6 30. Qd2 Qf6 31. b4 Rf8 32. Qd1 Qf2+ 33.
Kh1 Rh8 34. Qg1 Qf3+ 35. Qg2 Qxa3 36. Qd2 Qf3+ 37. Qg2 Qc3 38. Qd2 Qxd2 39.
Rxd2 Kb7 40. Rd5 Re8 41. Kg2 g4 42. b5 a6 43. h4 axb5 44. Rxb5 c5 45. Kf2 Rf8+
46. Kg2 Kc6 47. Rb2 c4 48. Ra2 Kc5 49. Rd2 Re8 50. h5 c3 51. Rd5+ Kc4 0-1

[Event "Roger Roy mem."]
[Site "Gatineau CAN"]
[Date "2019.10.01"]
[Round "4"]
[White "Danilov, Alex"]
[Black "Fang, Zhou"]
[Result "0-1"]
[WhiteElo "1624"]
[BlackElo "1362"]
[PlyCount "64"]
[EventDate "2019.09.10"]
[EventType "swiss"]
[EventRounds "5"]
[EventCountry "CAN"]

1. c4 e5 2. g3 Nf6 3. Bg2 c6 4. Nc3 Bc5 5. e3 O-O 6. Nge2 d5 7. d4 exd4 8. exd4
Bb6 9. O-O dxc4 10. Bg5 h6 11. Bf4 Bf5 12. Re1 Na6 13. a3 Qd7 14. Qa4 Bxd4 15.
Rad1 Bd3 16. Nxd4 Qxd4 17. Be5 Qd8 18. Ne4 Nxe4 19. Bxe4 Nc5 20. Qb4 Nxe4 21.
Rxe4 Qc8 22. Rh4 Re8 23. Qc3 f6 24. Bxf6 gxf6 25. Qd2 Qc7 26. Rg4+ Kh7 27. b3
Re2 28. Qb4 Qb6 29. Qxb6 axb6 30. bxc4 Rxa3 31. Rd4 Bf5 32. g4 Be6 0-1

[Event "Roger Roy mem."]
[Site "Gatineau CAN"]
[Date "2019.10.01"]
[Round "4"]
[White "Latreille, Etienne"]
[Black "Rioux, Jocelyn"]
[Result "1-0"]
[WhiteElo "1683"]
[BlackElo "1696"]
[PlyCount "45"]
[EventDate "2019.09.10"]
[EventType "swiss"]
[EventRounds "5"]
[EventCountry "CAN"]

1. d4 Nf6 2. Bf4 d5 3. Nf3 e6 4. e3 c5 5. c3 Nc6 6. Bd3 cxd4 7. cxd4 Bd6 8. Bg3
Nb4 9. Bb5+ Nc6 10. Nc3 a6 11. Bd3 b5 12. Rc1 Bb7 13. Ne5 Rc8 14. O-O O-O 15.
f4 Bb4 16. Bh4 Be7 17. Rf3 Nd7 18. Bxe7 Qxe7 19. Bxh7+ Kh8 20. Rh3 Nf6 21. Bg6+
Kg8 22. Bxf7+ Rxf7 23. Ng6 1-0

[Event "Roger Roy mem."]
[Site "Gatineau CAN"]
[Date "2019.10.08"]
[Round "5"]
[White "Bastien, Andre"]
[Black "Danilov, Alex"]
[Result "1/2-1/2"]
[WhiteElo "1770"]
[BlackElo "1624"]
[PlyCount "84"]
[EventDate "2019.09.10"]
[EventType "swiss"]
[EventRounds "5"]
[EventCountry "CAN"]

1. d4 Nf6 2. g3 d5 3. Bg2 e6 4. Nf3 Bd6 5. Nbd2 O-O 6. O-O Nbd7 7. Re1 c6 8. c4
e5 9. cxd5 cxd5 10. dxe5 Nxe5 11. Nd4 Qb6 12. N2b3 Ne4 13. h3 Bb4 14. Rf1 Be6
15. a3 Bd6 16. Bf4 g5 17. Bxe5 Bxe5 18. Rc1 Rac8 19. Qd3 Nc5 20. Nxc5 Rxc5 21.
Rxc5 Qxc5 22. Nf3 Bf6 23. Qd2 Qe7 24. Rc1 Rc8 25. Rxc8+ Bxc8 26. Qxd5 Qxe2 27.
Nxg5 Qe7 28. h4 h6 29. Ne4 Bxb2 30. Qd2 Bg7 31. Qd6 Kf8 32. Qb8 Qe8 33. Nd6 Be5
34. Qxc8 Bxd6 35. Qxb7 Bxa3 36. Qxa7 Qe7 37. Qd4 Kg8 38. Qf4 Qd6 39. Qg4+ Kf8
40. Be4 Bc5 41. Kg2 Bd4 42. Qf3 Qf6 1/2-1/2

[Event "Roger Roy mem."]
[Site "Gatineau CAN"]
[Date "2019.10.08"]
[Round "5"]
[White "Desjardins, Michel"]
[Black "Raymond, Daniel"]
[Result "1/2-1/2"]
[WhiteElo "1903"]
[BlackElo "1843"]
[PlyCount "86"]
[EventDate "2019.09.10"]
[EventType "swiss"]
[EventRounds "5"]
[EventCountry "CAN"]

1. e4 c5 2. c3 d5 3. exd5 Qxd5 4. d4 Nc6 5. Nf3 e6 6. Na3 Nf6 7. Nb5 Qd8 8.
dxc5 Bxc5 9. Qxd8+ Kxd8 10. Bg5 a6 11. Rd1+ Ke7 12. Nbd4 Nxd4 13. Nxd4 e5 14.
Nf3 Bg4 15. Be2 h6 16. Bh4 g5 17. Bg3 Bxf3 18. Bxf3 e4 19. Be2 Rhd8 20. O-O Ne8
21. Bg4 Ng7 22. Bc7 Rxd1 23. Rxd1 f5 24. Be5 fxg4 25. Bxg7 h5 26. Rd5 Rg8 27.
Rxc5 Rxg7 28. Rc7+ Kf6 29. Rxg7 Kxg7 30. Kf1 Kf6 31. Ke2 Ke5 32. Ke3 b5 33. g3
Kd5 34. b3 a5 35. Ke2 Kc5 36. Kd2 a4 37. Ke2 a3 38. Kd2 Kd5 39. Ke3 h4 40. Kd2
Kc5 41. Ke2 Kc6 42. Ke3 Kd5 43. gxh4 gxh4 1/2-1/2

[Event "Roger Roy mem."]
[Site "Gatineau CAN"]
[Date "2019.10.08"]
[Round "5"]
[White "Rioux, Jocelyn"]
[Black "Jobin, Gilles G"]
[Result "0-1"]
[WhiteElo "1696"]
[BlackElo "1722"]
[PlyCount "52"]
[EventDate "2019.09.10"]
[EventType "swiss"]
[EventRounds "5"]
[EventCountry "CAN"]

1. e4 d6 2. d4 Nf6 3. Nc3 c6 4. Nf3 Bg4 5. Be2 Nbd7 6. O-O e5 7. dxe5 dxe5 8.
a3 Qc7 9. Be3 Bxf3 10. Bxf3 Nb6 11. Qe2 Be7 12. Rad1 O-O 13. Rd2 Rfd8 14. Rfd1
Rxd2 15. Rxd2 Rd8 16. Rxd8+ Qxd8 17. Bc1 Nbd7 18. b4 b5 19. Qd3 a5 20. Na2 a4
21. c4 bxc4 22. Qxc4 c5 23. Be3 Qc7 24. Be2 Qc6 25. f3 Nb6 26. Bxc5 Nxc4 0-1

[Event "Roger Roy mem."]
[Site "Gatineau CAN"]
[Date "2019.10.08"]
[Round "5"]
[White "Stoilov, Vadym"]
[Black "Latreille, Etienne"]
[Result "1/2-1/2"]
[WhiteElo "1671"]
[BlackElo "1683"]
[PlyCount "182"]
[EventDate "2019.09.10"]
[EventType "swiss"]
[EventRounds "5"]
[EventCountry "CAN"]

1. e4 d5 2. exd5 Qxd5 3. Nc3 Qa5 4. d4 Nf6 5. Bd2 c6 6. Nf3 g6 7. Bc4 Bg7 8.
O-O Bf5 9. Re1 e6 10. h3 h5 11. d5 cxd5 12. Nxd5 Qc5 13. Bb5+ Nfd7 14. Bb4 Qc8
15. Bd6 a6 16. Bxd7+ Nxd7 17. Nc7+ Kd8 18. Nxa8 Bxb2 19. Ne5 Rh7 20. Bc7+ Ke8
21. Nxd7 Qxd7 22. Qxd7+ Kxd7 23. Rab1 Bc3 24. Re2 b5 25. Be5 Bxe5 26. Rxe5 Kc6
27. a4 Rh8 28. axb5+ axb5 29. Ra1 b4 30. Rea5 Bxc2 31. Ra6+ Kc5 32. Nb6 b3 33.
Na4+ Kb4 34. Rb6+ Kc4 35. Rc6+ Kb5 36. Rc7 f6 37. Nb2 Rd8 38. Rc1 Kb4 39. R7xc2
bxc2 40. Rxc2 Kb3 41. Re2 e5 42. Kf1 Ra8 43. Nd3 Kc4 44. Ne1 Kd5 45. g3 Ra4 46.
f3 Rc4 47. Ng2 Ra4 48. Kf2 Rb4 49. Nh4 g5 50. Nf5 Rb7 51. Rd2+ Ke6 52. Ne3 Rb6
53. Kg2 Ra6 54. Nd1 Rc6 55. Nf2 f5 56. Rd8 Kf6 57. Rh8 Kg6 58. Rd8 Kf6 59. Rh8
Kg6 60. Nd3 Rc2+ 61. Kf1 e4 62. fxe4 fxe4 63. Ne1 Rh2 64. Rg8+ Kf6 65. Kg1 Rxh3
66. Kg2 g4 67. Re8 h4 68. gxh4 Rxh4 69. Rxe4 Kf5 70. Ra4 Rh3 71. Rd4 Re3 72.
Nd3 Re8 73. Nf2 Rg8 74. Kg3 Ke5 75. Ra4 Rb8 76. Nxg4+ Kd5 77. Kf4 Rf8+ 78. Ke3
Rb8 79. Nf2 Rh8 80. Kd3 Ke5 81. Ng4+ Kf5 82. Ne3+ Ke6 83. Ra5 Rh4 84. Nc2 Rh1
85. Ke4 Rh4+ 86. Kd3 Rh3+ 87. Ne3 Rh2 88. Ke4 Rh4+ 89. Kf3 Rb4 90. Ng4 Kd6 91.
Nf6 Rb1 1/2-1/2

[Event "Roger Roy mem. 45/30"]
[Site "Gatineau CAN"]
[Date "2019.09.10"]
[Round "1"]
[White "Sabourin, Yves"]
[Black "Zhao, Richie"]
[Result "1-0"]
[WhiteElo "1440"]
[BlackElo "1245"]
[PlyCount "23"]
[EventDate "2019.09.10"]
[EventType "swiss"]
[EventRounds "5"]
[EventCountry "CAN"]

1. e4 e5 2. Nf3 Nc6 3. Bb5 Nf6 4. d3 d6 5. Bg5 a6 6. Ba4 b5 7. Bb3 Be7 8. Nbd2
Bg4 9. c3 b4 10. Ba4 Qd7 11. cxb4 Nd4 12. Bxd7+ 1-0

[Event "Roger Roy mem. U1600"]
[Site "Gatineau CAN"]
[Date "2019.09.10"]
[Round "1"]
[White "Arcand, Pierre"]
[Black "Cayen, Jean-Philippe"]
[Result "0-1"]
[WhiteElo "1159"]
[BlackElo "1447"]
[PlyCount "68"]
[EventDate "2019.09.10"]
[EventType "swiss"]
[EventRounds "5"]
[EventCountry "CAN"]

1. e4 g6 2. Nf3 Bg7 3. Bc4 e6 4. O-O b6 5. d4 Bb7 6. e5 d6 7. exd6 Qxd6 8. c3
Ne7 9. Re1 O-O 10. Bg5 Re8 11. Bxe7 Rxe7 12. Nbd2 Bd5 13. Bxd5 Qxd5 14. c4 Qd8
15. Nb3 Nc6 16. Ne5 Nxe5 17. dxe5 Rd7 18. Qf3 Qe8 19. c5 Rad8 20. c6 Rd5 21.
Rad1 Rxd1 22. Rxd1 Bxe5 23. Rxd8 Qxd8 24. Qe2 Bxb2 25. g3 Bf6 26. Qa6 Qd1+ 27.
Kg2 Qd5+ 28. Kg1 Qxc6 29. Qxa7 h5 30. a4 Kg7 31. a5 bxa5 32. Nxa5 Qc3 33. Nb7
Bd4 34. Qa2 Qe1+ 0-1

[Event "Roger Roy mem. U1600"]
[Site "Gatineau CAN"]
[Date "2019.09.10"]
[Round "1"]
[White "Labrie, Dany"]
[Black "Gribble, Nicolas"]
[Result "0-1"]
[WhiteElo "1289"]
[BlackElo "1158"]
[PlyCount "92"]
[EventDate "2019.09.10"]
[EventType "swiss"]
[EventRounds "5"]
[EventCountry "CAN"]

1. b4 d5 2. Bb2 Nc6 3. e3 Nxb4 4. a3 Nc6 5. Bb5 e6 6. Nf3 f6 7. d3 Bd7 8. Nh4
Ne5 9. Qh5+ g6 10. Bxd7+ Qxd7 11. Nxg6 Nxg6 12. Nd2 O-O-O 13. O-O Bg7 14. a4 f5
15. c3 Nf6 16. Qe2 Ng4 17. h3 N4e5 18. Rfb1 h5 19. Nb3 b6 20. a5 Kb8 21. Ba3
Bf8 22. d4 Bxa3 23. Rxa3 Nc4 24. Nc5 Qc8 25. Ra4 Rd6 26. Qa2 Rh7 27. axb6 cxb6
28. Rxa7 Rxa7 29. Qe2 Ka8 30. Nd3 Qh8 31. Qf3 Nd2 32. Qg3 Nxb1 33. Qxd6 Qe8 34.
Qxb6 Nxc3 35. Ne5 Qb8 36. Qc6+ Rb7 37. Nd7 Qc7 38. Nb6+ Qxb6 39. Qe8+ Ka7 40.
g3 Qb1+ 41. Kg2 f4 42. Qxe6 fxg3 43. h4 Qe4+ 44. Qxe4 Nxe4 45. fxg3 Nxg3 46.
Kxg3 Rb3 0-1

[Event "Roger Roy mem. U1600"]
[Site "Gatineau CAN"]
[Date "2019.09.10"]
[Round "1"]
[White "Legare, Gilles"]
[Black "Simard, Paul"]
[Result "0-1"]
[WhiteElo "1065"]
[BlackElo "1183"]
[PlyCount "100"]
[EventDate "2019.09.10"]
[EventType "swiss"]
[EventRounds "5"]
[EventCountry "CAN"]

1. e4 e5 2. Nf3 d6 3. Nc3 Nf6 4. d4 Be7 5. d5 O-O 6. Bg5 c6 7. Bxf6 Bxf6 8. Be2
Nd7 9. b4 Qc7 10. O-O Nb6 11. Qd2 Bd7 12. a4 a5 13. b5 c5 14. Qc1 h6 15. Kh1
Bg4 16. Re1 Bxf3 17. gxf3 Bh4 18. Nd1 Kh8 19. c4 Qc8 20. Bf1 f5 21. Bh3 Qe8 22.
Bxf5 Qh5 23. Bg4 Qf7 24. Rf1 Nd7 25. Ne3 Nf6 26. Qd1 Qg6 27. Nf5 Bg5 28. Bh3
Nh5 29. Rg1 Nf4 30. Bg2 Rad8 31. Qf1 Qe8 32. Bh3 Qh5 33. Ra2 Nxh3 34. Rg4 Nf4
35. Ng3 Qf7 36. Nf5 Qh5 37. Qg1 Qh3 38. Rg3 Qh5 39. b6 Nd3 40. Qg2 Ne1 41. Qh3
Qxh3 42. Rxh3 Rf7 43. Ra1 Nd3 44. Kg2 Nf4+ 45. Kg3 Nxh3 46. Kxh3 Bf4 47. Rg1
Ra8 48. Rg6 Rf6 49. Rxg7 Rxf5 50. exf5 Kxg7 0-1

[Event "Roger Roy mem. U1600"]
[Site "Gatineau CAN"]
[Date "2019.09.10"]
[Round "1"]
[White "Villeneuve, Denis"]
[Black "Fang, Johnny"]
[Result "1-0"]
[WhiteElo "1469"]
[BlackElo "1169"]
[PlyCount "73"]
[EventDate "2019.09.10"]
[EventType "swiss"]
[EventRounds "5"]
[EventCountry "CAN"]

1. e4 e5 2. Nf3 Nc6 3. d4 exd4 4. Bc4 Bb4+ 5. c3 dxc3 6. O-O Nf6 7. Nxc3 d6 8.
h3 Bxc3 9. bxc3 Nxe4 10. Re1 f5 11. Ng5 Ne5 12. Nxe4 fxe4 13. Rxe4 Qf6 14. f4
Bf5 15. fxe5 Qe7 16. Re1 dxe5 17. Qb3 O-O-O 18. Qb5 Rhe8 19. Bf4 Qh4 20. Bxe5
Bd7 21. Qc5 Bc6 22. Qxa7 Qxc4 23. Qa8+ Kd7 24. Rad1+ Bd5 25. Qxb7 Qc5+ 26. Kh2
Ke7 27. Bd4+ Kf7 28. Qb2 Qd6+ 29. Kh1 Kg8 30. a4 Qc6 31. a5 Rf8 32. Re7 Rf7 33.
Rxf7 Bxf7 34. Qf2 Qa6 35. Qg3 Bg6 36. Qxc7 Qd6 37. Qxg7# 1-0

[Event "Roger Roy mem. U1600"]
[Site "Gatineau CAN"]
[Date "2019.09.17"]
[Round "2"]
[White "Berthiaume, Serge"]
[Black "Zhao, Richie"]
[Result "1-0"]
[WhiteElo "1439"]
[BlackElo "1245"]
[PlyCount "67"]
[EventDate "2019.09.10"]
[EventType "swiss"]
[EventRounds "5"]
[EventCountry "CAN"]

1. d4 d5 2. Bf4 c5 3. e3 Nc6 4. c3 Qb6 5. Na3 Qxb2 6. Nb5 Kd8 7. Rb1 Qxa2 8.
Bd3 a6 9. Nc7 Ra7 10. Ne2 c4 11. Bc2 g5 12. Bg3 e6 13. O-O b5 14. Ra1 Qb2 15.
Qd2 Nf6 16. Rfb1 Ne4 17. Qd1 Nxc3 18. Rxb2 Nxd1 19. Rxd1 Rxc7 20. Bxc7+ Kxc7
21. Rdb1 b4 22. Ba4 c3 23. Rc2 Na5 24. Ra2 Nc4 25. Nc1 Bd7 26. Bxd7 Kxd7 27.
Rxa6 Nd2 28. Rba1 b3 29. Ra7+ Kc6 30. R1a6+ Kb5 31. Ra5+ Kc4 32. Ra4+ Bb4 33.
Rb7 b2 34. Rbxb4# 1-0

[Event "Roger Roy mem. U1600"]
[Site "Gatineau CAN"]
[Date "2019.09.17"]
[Round "2"]
[White "Boutin, Michel"]
[Black "Arcand, Pierre"]
[Result "0-1"]
[WhiteElo "1126"]
[BlackElo "1159"]
[PlyCount "68"]
[EventDate "2019.09.10"]
[EventType "swiss"]
[EventRounds "5"]
[EventCountry "CAN"]

1. e4 e5 2. Nf3 Nc6 3. Bb5 d6 4. O-O Bd7 5. a4 h6 6. Nc3 Nf6 7. h3 Be7 8. Re1
O-O 9. Bxc6 Bxc6 10. d3 a6 11. Be3 b5 12. b3 b4 13. Nd5 Nxd5 14. exd5 Bxd5 15.
Qd2 Bxf3 16. gxf3 a5 17. f4 Bf6 18. Kh2 exf4 19. Bxf4 Bxa1 20. Rxa1 Qf6 21. Rg1
g5 22. h4 Kh7 23. hxg5 hxg5 24. Bxg5 Qe5+ 25. Bf4 Qh5+ 26. Kg2 Rg8+ 27. Bg3
Qd5+ 28. Kf1 Rg6 29. Rg2 Kg7 30. c3 Qxb3 31. c4 Qb1+ 32. Qe1 Qxe1+ 33. Kxe1
Re8+ 34. Kf1 b3 0-1